Nezávislí sprostredkovatelia poistenia prenikajú na slovenský trh

Činnosť poisťovacieho sprostredkovateľa (poistný maklér, broker, nie agent), pracujúceho v záujme klienta, jeho nezávislosť. Rozvoj poistného trhu, rizík a úloha sprostredkovateľov. Mechanizmus činnosti brokera, sprostredkovateľských firiem. Provízie. Medzinárodné poistné programy. Základné informác...

Descrizione completa

Salvato in:
Dettagli Bibliografici
Natura: Capitolo di libro
Lingua:slovacco
Soggetti:
Tags: Aggiungi Tag
Nessun Tag, puoi essere il primo ad aggiungerne!!

MARC

LEADER 00000naa a2200000 4500
001 r024461
005 20221205091219.0
041 0 |a slo 
044 |a SK 
245 1 0 |a Nezávislí sprostredkovatelia poistenia prenikajú na slovenský trh 
520 |a Činnosť poisťovacieho sprostredkovateľa (poistný maklér, broker, nie agent), pracujúceho v záujme klienta, jeho nezávislosť. Rozvoj poistného trhu, rizík a úloha sprostredkovateľov. Mechanizmus činnosti brokera, sprostredkovateľských firiem. Provízie. Medzinárodné poistné programy. Základné informácie o 20 najväčších poisťovacích firmách. Zoznam poisťovacích sprostredkovateľov oprávnených vykonávať činnosť na Slovensku. 
610 2 0 |a poistenie 
610 2 0 |a makléri 
610 2 0 |a sprostredkovatelia 
610 2 0 |a Slovensko 
610 2 0 |a svet 
610 2 0 |a poisťovne 
610 2 0 |a firmy 
610 2 0 |a provízie 
610 2 0 |a súpisy